| 000 | 00522nam a2200181 a 4500 | ||
|---|---|---|---|
| 005 | 20231013063546.0 | ||
| 008 | 991125s1962 mx 000 0 spa u | ||
| 035 | _aUPN01000039277 | ||
| 049 | _aCG | ||
| 050 | 4 |
_aHD1158 M6 _bR4.4 |
|
| 100 | 1 | _aRea Moguel, Alejandro | |
| 245 | 1 | 0 |
_aMéxico y su reforma agraria integral / _cAlejandro Rea Moguel. |
| 260 |
_aMéxico : _bRobredo, _c1962. |
||
| 300 | _a221 p. | ||
| 650 | 4 |
_aDERECHO AGRARIO - _zMEXICO _914072 |
|
| 650 | 4 |
_aReforma agraria _zMéxico _916064 |
|
| 905 | _aLibro | ||
| 999 |
_c39277 _d39277 |
||